000 01204nam0a2200337 i 4500
001 RU\NLR\BIBL_A\010926068
005 20240921163118.0
010 _a9785000800300
_9100
021 _aRU
_b2015-93405
_95766
035 _a(NLR Aleph) 010926068
090 _a10700644
_c10700644
100 _a20151216d2015 u y0rusy50 ca
101 0 _arus
102 _aRU
105 _ay|||z|||000yy
200 1 _aФилософия - это просто
_fГ.П. Юркевич
205 _aИзд. 2-е, перераб. и доп.
210 _aМосква
_cВариант
_d2015
215 _a199 с.
_d21
300 _aНа 4-й с. обл. авт.: Юркевич Г.П., засл. изобретатель РФ
320 _aБиблиогр.: с. 197-199 (38 назв.)
320 _aДр. произведения авт. на 4-й с. обл.
606 1 _aФилософия и общество
_91709127
_3RU\NLR\AUTH\661059226
675 _a1/14
686 1 _aС550.56
700 1 _aЮркевич
_bГ. П.
_f1929-
_gГеннадий Петрович
801 0 _aRU
_bРГБ
_c20151204
_gRCR
942 _cBOOK
980 _aNBR